000 00555nam a2200181 4500
001 123070
003 ES-MaACL
005 20240126063008.0
007 t|
008 070214s1947 ag r ||||0| spa d
100 1 _aProust, Marcel,
_d1871-1922
_994056
245 1 0 _aCrónicas /
_cMarcel Proust ; traducción del francés por Marcelo Menasché.
260 _aBuenos Aires :
_bSantiago Rueda,
_c1947.
300 _a242 p ;
_c22 cm.
700 1 _aMenasché, Marcelo.
_980077
852 _aES-MaACL
_jD-7792
_bR.30574
999 _c123070
_d123070